00563nam a22002297a 450000500170000000800410001702000180005804100080007608200170008424500430010125000160014426000190016026000200017926000090019930000190020865000170022765000170024465000130026194200130027499900170028795200290030420250207163958.0220317b2007 xxu||||| |||| 00| 0 spa d a9781424003631 aING aR 423 A244a5 aAdvance dictionary of american english a5 Edición aEstados Unidos bCollins Cobuild c2007 a1591 páginas aDICCIONARIOS aVOCABULARIO  aINGLÉS cREF2ddc c13268d13268 oR 423 A244a5p14413yREF